Jedzenie po francusku - Statystyki

Ogólne statystyki
  • Ten quiz został rozwiązany 1 721 razy
  • Średni wynik to 13 z 24
Statystyki odpowiedzi
Francuski Polski % Poprawnych
Café Kawa
98%
Fromage Ser
90%
Citron Cytryna
89%
Vin Wino
88%
Confiture Dżem
87%
Frites Frytki
86%
Pain Chleb
78%
Eau Woda
71%
Sucre Cukier
68%
Pomme de Terre Ziemniak
68%
Pomme Jabłko
56%
Oeuf Jajo
56%
Menthe Mięta
46%
Beurre Masło
43%
Poisson Ryba
42%
Gâteau Ciasto
37%
Champignon Grzyb
37%
Fraise Truskawka
34%
Framboise Malina
28%
Miel Miód
27%
Cerise Wiśnia
21%
Canard kaczka
18%
Lapin Królik
17%
Foie Wątroba
16%
Nie znaleziono quizów pasujących do podanych kryteriów
Rozkład punktacji
Procent ludzi z każdym wynikiem
Percentyl według liczby udzielonych odpowiedzi
Twoja historia wyników
Nie rozwiązałeś tego quizu